Little women (Record no. 395140)

MARC details
000 -LEADER
fixed length control field 00486 a2200193 4500
005 - DATE & TIME
control field 20260116162405.0
008 - FIXED-LENGTH DATA ELEMENTS--GENERAL INFORMATION
fixed length control field 260115b |||||||| |||| 00| 0 eng d
020 ## - ISBN
International Standard Book Number 9789357986038
Price Rs. 3995.00
040 ## - CATALOGING SOURCE
Original cataloging agency VIVEKANANDA LIBRARY
082 ## - DDC NUMBER
Classification number 813.4
Book Number A19L
100 ## - MAIN ENTRY--PERSONAL NAME
Personal name Alcott, Louisa May
245 ## - TITLE STATEMENT
Title Little women
260 ## - PUBLICATION, DISTRIBUTION, ETC. (IMPRINT)
Name of publisher, distributor, etc Lector House LLP
Date of publication, distribution, etc 2023
Place of publication, distribution, etc Burari
300 ## - PHYSICAL DESCRIPTION
Pages vii,414
650 ## - Subject
Subject Literature
650 ## - Subject
Subject Americal Literature
650 ## - Subject
Subject American-Fiction
942 ## - ADDED ENTRY ELEMENTS (KOHA)
Koha item type Books
Holdings
Withdrawn status Lost status Source of classification or shelving scheme Damaged status Not for loan Location (home branch) Sublocation or collection (holding branch) Shelving location Date acquired Koha issues (times borrowed) Koha full call number Accession No. Koha date last seen Koha item type
    Dewey Decimal Classification     VIVEKANANDA LIBRARY VIVEKANANDA LIBRARY Vivekananda Library 23/12/2025 3 813.4 A19L 443808 08/04/2026 Books
© Designed and Maintained by Vivekananda Library, MDU Rohtak